000 00930nam a2200277Ia 4500
003 GCL
008 140319s9999 xx 000 0 ara d
020 _a8022069957
040 _aGCL /
_cGCL
082 0 4 _a571.6
_bم ع
100 1 _aمكرم ضياء شكارة
245 1 0 _aعلم الخلية /
_cمكرم ضياء شكارة
250 _aالثالثة
260 _aالاردن :
_bدار المسيرة للنشر والتوزيع والطباعة ،
_c2005
300 _a294 ص ؛
_c24 سم
650 0 4 _aالميكروسكوبات
650 0 4 _aالخلايا
650 0 4 _aالبروتوبلازم
650 0 4 _aالاحياء - علم
650 0 4 _aالميكروسكوبات الالكترونية
650 0 4 _aالخلايا - مكونات
650 0 4 _aالخلايا - تركيب
650 0 4 _aالفيروسات - انواع
650 0 4 _aالخلايا الجرثومية
942 _2ddc
_cBK
999 _c9922
_d9922